Arnould-Taylor's principles and practice of physical therapy / (Record no. 891)

MARC details
000 -LEADER
fixed length control field 00590nam a22002057a 4500
003 - CONTROL NUMBER IDENTIFIER
control field OSt
005 - DATE AND TIME OF LATEST TRANSACTION
control field 20150114140103.0
008 - FIXED-LENGTH DATA ELEMENTS--GENERAL INFORMATION
fixed length control field 150114b xxu||||| |||| 00| 0 eng d
020 ## - INTERNATIONAL STANDARD BOOK NUMBER
International Standard Book Number 0748729984
040 ## - CATALOGING SOURCE
Transcribing agency DNLM
082 ## - DEWEY DECIMAL CLASSIFICATION NUMBER
Classification number WB 460 A61p 1997
100 ## - MAIN ENTRY--PERSONAL NAME
Personal name Arnould-Taylor William
9 (RLIN) 2406
245 ## - TITLE STATEMENT
Title Arnould-Taylor's principles and practice of physical therapy /
Statement of responsibility, etc. William Arnould-Taylor
250 ## - EDITION STATEMENT
Edition statement 4th ed.
260 ## - PUBLICATION, DISTRIBUTION, ETC. (IMPRINT)
Place of publication, distribution, etc. UK :
Name of publisher, distributor, etc. Stanely Thornes ;
Date of publication, distribution, etc. 1997.
300 ## - PHYSICAL DESCRIPTION
Extent v, 266 p :
Other physical details col.ill;
Dimensions 27 cm.
504 ## - BIBLIOGRAPHY, ETC. NOTE
Bibliography, etc Includes index.
650 ## - SUBJECT ADDED ENTRY--TOPICAL TERM
Topical term or geographic name as entry element Physical therapy
9 (RLIN) 2407
942 ## - ADDED ENTRY ELEMENTS (KOHA)
Source of classification or shelving scheme Other/Generic Classification Scheme
Koha item type Short Loan
Holdings
Withdrawn status Lost status Source of classification or shelving scheme Damaged status Not for loan Home library Current library Date acquired Source of acquisition Inventory number Total Checkouts Full call number Barcode Date last seen Price effective from Koha item type
    Other/Generic Classification Scheme     MUST Main Library MUST Main Library 14/01/2015   2005/23379   WB 460 A61p 1997 2015-0100 14/01/2015 14/01/2015 Short Loan
    Other/Generic Classification Scheme     MUST Main Library MUST Main Library 16/01/2015   2000/14071   WB 460 A61p 1997 2015-0147 16/01/2015 16/01/2015 Short Loan